Female Singers by Picture - Statistics

General Stats
  • This quiz has been taken 108 times
  • The average score is 14 of 18
Answer Stats
Picture Answer % Correct
Taylor Swift
100%
Ariana Grande
99%
Billie Eilish
96%
Selena Gomez
96%
Katy Perry
94%
Dua Lipa
93%
Olivia Rodrigo
93%
Rihanna
93%
Sabrina Carpenter
92%
Miley Cyrus
88%
Lady Gaga
83%
Beyonce
75%
Demi Lovato
65%
Chappell Roan
58%
Tate McRae
54%
Gracie Abrams
51%
Renee Rapp
26%
Charlie XCX
19%
No matching quizzes found
Score Distribution
Percent of People with Each Score
Percentile by Number Answered
Your Score History
You have not taken this quiz